000 01300nam a2200349Ia 4500
005 20220317001731.0
007 ta
008 210804r20102019sp jr 000 j spa d
020 _a9788420697314
_q(obra completa)
020 _a9788420674193
_q(volumen 2)
040 _aCO-BoRNBP
_bspa
_erda
_cCO-BoRNBP
041 1 _aspa
_heng
084 _aC POE4
100 1 _aPoe, Edgar Allan
_d1809-1849
_eautor
245 1 0 _aCuentos, 2
_cEdgar Allan Poe ; prólogo, traducción y notas de Julio Cortázar
250 _aTercera edición
_bOctava reimpresión
264 1 _aMadrid
_bAlianza Editorial
_c2010
_c2012
_c2019
300 _a567 páginas
_c18 cm
336 _atexto
_btxt
_2rdacontent
337 _asin mediación
_bn
_2rdamedia
338 _avolumen
_bnc
_2rdacarrier
490 0 _aEl libro de bolsillo. Literatura
_vL5
521 _aRecomendado para un público mayor de 15 años
600 1 4 _aPoe, Edgar Allan
_d1809 -1849
_xCritica e interpretación
_9178137
650 1 7 _aCuentos estadounidenses
_ySiglo XIX
_2LEMB
650 1 7 _aLiteratura estadounidense
_ySiglo XIX
_2LEMB
650 1 7 _aAutores Estadounidenses
_ySiglo XIX
_2LEMB
650 1 7 _aCrimen y criminales
_vCuento
_2LEMB
650 1 7 _aMiedo
_vCuento
_2LEMB
700 1 _aCortázar, Julio
_d1914-1984
_etraductor
_92499
942 _2loc
_cBKLIT
999 _c7898
_d7898